00770nam a2200217Ia 450000500170000000800410001704000190005804100120007708200130008924500920010226000350019430000500022950400500027965000420032965100250037170000240039685000100042094200070043099900160043795200990045320231122143413.0131103s9999 xx 000 0 und d aLoreto College aEnglish a327bGYO aProblems in the international relationsc[ edited by] Andrew Gyorgy and Hubert J. Gibbs aNew YorkbPrentice-Hallcc1955 axiii,330 p.b ill.,2 charts,20 maps,3 tables  aIncludes bibliographical references and index aPolitics - International Relations -  aPolitical Science -  aGyorgy, Andrew, ed. aLCLIB cBK c1330d51809 00102ddc4070aMAINbMAINd2013-11-04l0o327 GYO 13302pB1963r2013-11-04w2013-11-04yBKf